Cuaderno de Capacitación para facilitadores (Record no. 8475)

MARC details
000 -LEADER
campo de control de longitud fija 00393nam a2200145Ia 4500
001 - NÚMERO DE CONTROL
campo de control 227
008 - DATOS DE LONGITUD FIJA--INFORMACIÓN GENERAL
campo de control de longitud fija 241024s9999 xx 000 0 und d
082 ## - NÚMERO DE LA CLASIFICACIÓN DECIMAL DEWEY
Número de clasificación RD/374.897293/R426c
100 ## - ENTRADA PRINCIPAL--NOMBRE DE PERSONA
Nombre de persona República Dominicana Secretaria de Estado de Educación
245 #0 - MENCIÓN DEL TÍTULO
Título Cuaderno de Capacitación para facilitadores
260 ## - PUBLICACIÓN, DISTRIBUCIÓN, ETC.
Nombre del editor, distribuidor, etc. SEE
590 ## - NOTA LOCAL (RLIN)
Nota local si
901 ## - ELEMENTOS DE DATOS A LOCAL LDA (RLIN)
a 25/10/2010 10:03:58 a.m.

No items available.

© 2024. Todos los Derechos Reservados. Desarrollado por IDEICE